Star Academy : Saura-tu nommer tous les grands gagnants ? - Statistiques

Statistiques générales
  • Ce quiz a été pris 92 fois
  • Le résultat moyen est 7 sur 12
Statistiques - réponses
Par images Réponse % Correct
Jennifer
99%
Grégory Lemarchal
94%
Pierre Garnier
93%
Marine
92%
Nolwen
90%
Anisha Jo
81%
Elodie Frégé
66%
Quentin Mosimann
53%
Magalivae
40%
Cyril Cinélu
24%
Laurene Bourvon
5%
Michel Rea
0%
Aucun quiz correspondant
Distribution des résultats
% des personnes avec chaque résultat
Percentile par nombre de réponses
Votre historique - résultats
Vous n’avez pas pris ce quiz